000 00868nam a2200253Ia 4500
005 20220317000200.0
008 141031s9999 xx 000 0 und d
020 _a9788496391031
100 1 0 _aVincent, Gabrielle, 1928-2000
245 1 0 _aErnesto y Celestina han perdido a Simeón
_ctexto e ilustraciones Gabrielle Vincent ; traducción Pilar Pablos
250 _a1a ed.
300 _a25 páginas
_bilustraciones
650 1 4 _a Autores franceses
_2LEMB
650 1 4 _a Literatura infantil francesa
_2LEMB
650 1 4 _aCuentos infantiles franceses
_2LEMB
700 1 0 _aVincent, Gabrielle, 1928-2000
_917188
942 _2loc
_cBK
264 _aZaragoza
_bMarenostrum
_c2008
336 _atexto
_btxt
_2rdacontent
337 _asin mediación
_bn
_2rdamedia
338 _avolumen
_bnc
_2rdacarrier
040 _aCO-BoRNBP
_bspa
_erda
_cCO-BoRNBP
084 _aC VIN1
999 _c3330
_d3330